000 00726nam a2200229 i 4500
001 183943
003 ES-MaACL
005 20230906222016.0
008 141211s1972 sp h |||| | spa d
080 _a726.75(460.222 Sigena)(093.2)
245 0 0 _aDocumentos de Sigena.
_n1 /
_cAgustín Ubieto Arteta.
250 _aReprod. por facsímil.
260 _aValencia :
_b[Anubar],
_c1972.
300 _a271 p. ;
_c22 cm.
490 1 _aTextos medievales ;
_v32
500 _aÍndices.
610 2 7 _aMonasterio de Sigena-
_vHistoria-
_vFuentes.
_9156047
700 1 _aUbieto Arteta, Agustín.
_9111842
830 0 _aTextos medievales ;
_v32
_9179970
852 _aES-MaACL
_jE-15445
_z- enc. tela
999 _c183943
_d183943